000 00316 a2200157 4500
001 162225
020 _a
040 _cMagnum
100 _aMazzetti, Maria
240 1 0 _aParou paradinho
_lpor
245 1 0 _aParou paradinho
362 0 _a1899
440 1 _aAo Livro Técnico
697 _aI/GERAL
942 _cBK
999 _c162225
_d162225